| 000 -LEADER |
| fixed length control field |
02070cam a22005417i 4500 |
| 001 - CONTROL NUMBER |
| control field |
19168466 |
| 003 - CONTROL NUMBER IDENTIFIER |
| control field |
OSt |
| 005 - DATE AND TIME OF LATEST TRANSACTION |
| control field |
20230118134852.0 |
| 008 - FIXED-LENGTH DATA ELEMENTS--GENERAL INFORMATION |
| fixed length control field |
160708t20152000nyua j 000 1 eng d |
| 010 ## - LIBRARY OF CONGRESS CONTROL NUMBER |
| LC control number |
2016296273 |
| 020 ## - INTERNATIONAL STANDARD BOOK NUMBER |
| International Standard Book Number |
9780553535457 (hbk.) |
| 035 ## - SYSTEM CONTROL NUMBER |
| System control number |
(OCoLC)ocn895117142 |
| 040 ## - CATALOGING SOURCE |
| Original cataloging agency |
YDXCP |
| Language of cataloging |
eng |
| Transcribing agency |
YDXCP |
| Description conventions |
rda |
| Modifying agency |
BTCTA |
| -- |
BDX |
| -- |
PX0 |
| -- |
OCLCO |
| -- |
OCLCF |
| -- |
OCLCO |
| -- |
DLC |
| -- |
KH8 |
| 042 ## - AUTHENTICATION CODE |
| Authentication code |
lccopycat |
| 082 04 - DEWEY DECIMAL CLASSIFICATION NUMBER |
| Classification number |
FIC SAC |
| Edition number |
23 |
| 100 1# - MAIN ENTRY--PERSONAL NAME |
| Personal name |
Sachar, Louis, |
| Dates associated with a name |
1954- |
| Relator term |
author. |
| 245 10 - TITLE STATEMENT |
| Title |
Marvin Redpost : |
| Remainder of title |
super fast, out of control! / |
| Statement of responsibility, etc. |
Louis Sachar ; illustrated by Adam Record. |
| 246 30 - VARYING FORM OF TITLE |
| Title proper/short title |
Super fast, out of control! |
| 264 #1 - PRODUCTION, PUBLICATION, DISTRIBUTION, MANUFACTURE, AND COPYRIGHT NOTICE |
| Place of production, publication, distribution, manufacture |
New York : |
| Name of producer, publisher, distributor, manufacturer |
Random House, |
| Date of production, publication, distribution, manufacture, or copyright notice |
[2015] |
| 264 #4 - PRODUCTION, PUBLICATION, DISTRIBUTION, MANUFACTURE, AND COPYRIGHT NOTICE |
| Date of production, publication, distribution, manufacture, or copyright notice |
©2000 |
| 300 ## - PHYSICAL DESCRIPTION |
| Extent |
78 pages : |
| Other physical details |
illustrations ; |
| Dimensions |
21 cm. |
| 336 ## - CONTENT TYPE |
| Content type term |
text |
| Content type code |
txt |
| Source |
rdacontent |
| 337 ## - MEDIA TYPE |
| Media type term |
unmediated |
| Media type code |
n |
| Source |
rdamedia |
| 338 ## - CARRIER TYPE |
| Carrier type term |
volume |
| Carrier type code |
nc |
| Source |
rdacarrier |
| 490 1# - SERIES STATEMENT |
| Series statement |
Marvin Redpost |
| 500 ## - GENERAL NOTE |
| General note |
"A Stepping Stone book." |
| 500 ## - GENERAL NOTE |
| General note |
First published in 2000. |
| 500 ## - GENERAL NOTE |
| General note |
Includes excerpt for Marvin Redpost: a magic crystal? in unnumbered pages at end of work. |
| 520 ## - SUMMARY, ETC. |
| Summary, etc. |
Afraid of his new mountain bike, third-grader Marvin finds himself in a desperate situation when he accepts a challenge to ride down Suicide Hill. |
| 521 1# - TARGET AUDIENCE NOTE |
| Target audience note |
Ages 6-9. |
| 521 8# - TARGET AUDIENCE NOTE |
| Target audience note |
F&P Text Level: M. |
| 650 #0 - SUBJECT ADDED ENTRY--TOPICAL TERM |
| Topical term or geographic name entry element |
Cycling |
| Form subdivision |
Juvenile fiction. |
| 650 #0 - SUBJECT ADDED ENTRY--TOPICAL TERM |
| Topical term or geographic name entry element |
Bicycles |
| Form subdivision |
Juvenile fiction. |
| 650 #0 - SUBJECT ADDED ENTRY--TOPICAL TERM |
| Topical term or geographic name entry element |
Fear |
| Form subdivision |
Juvenile fiction. |
| 650 #0 - SUBJECT ADDED ENTRY--TOPICAL TERM |
| Topical term or geographic name entry element |
Mountain biking |
| Form subdivision |
Juvenile fiction. |
| 650 #1 - SUBJECT ADDED ENTRY--TOPICAL TERM |
| Topical term or geographic name entry element |
Bicycles and bicycling |
| Form subdivision |
Fiction. |
| 650 #1 - SUBJECT ADDED ENTRY--TOPICAL TERM |
| Topical term or geographic name entry element |
Fear |
| Form subdivision |
Fiction. |
| 650 #7 - SUBJECT ADDED ENTRY--TOPICAL TERM |
| Topical term or geographic name entry element |
Bicycles. |
| Source of heading or term |
fast |
| Authority record control number or standard number |
(OCoLC)fst00831489 |
| 650 #7 - SUBJECT ADDED ENTRY--TOPICAL TERM |
| Topical term or geographic name entry element |
Cycling. |
| Source of heading or term |
fast |
| Authority record control number or standard number |
(OCoLC)fst00885857 |
| 650 #7 - SUBJECT ADDED ENTRY--TOPICAL TERM |
| Topical term or geographic name entry element |
Fear. |
| Source of heading or term |
fast |
| Authority record control number or standard number |
(OCoLC)fst00922034 |
| 650 #7 - SUBJECT ADDED ENTRY--TOPICAL TERM |
| Topical term or geographic name entry element |
Mountain biking. |
| Source of heading or term |
fast |
| Authority record control number or standard number |
(OCoLC)fst01715632 |
| 655 #7 - INDEX TERM--GENRE/FORM |
| Genre/form data or focus term |
Fiction. |
| Source of term |
fast |
| Authority record control number or standard number |
(OCoLC)fst01423787 |
| 655 #7 - INDEX TERM--GENRE/FORM |
| Genre/form data or focus term |
Juvenile works. |
| Source of term |
fast |
| Authority record control number or standard number |
(OCoLC)fst01411637 |
| 700 1# - ADDED ENTRY--PERSONAL NAME |
| Personal name |
Record, Adam, |
| Relator term |
illustrator. |
| 800 1# - SERIES ADDED ENTRY--PERSONAL NAME |
| Personal name |
Sachar, Louis, |
| Dates associated with a name |
1954- |
| Title of a work |
Marvin Redpost series ; |
| Volume/sequential designation |
#7. |
| 906 ## - LOCAL DATA ELEMENT F, LDF (RLIN) |
| a |
7 |
| b |
cbc |
| c |
copycat |
| d |
2 |
| e |
ncip |
| f |
20 |
| g |
y-gencatlg |
| 942 ## - ADDED ENTRY ELEMENTS (KOHA) |
| Source of classification or shelving scheme |
|
| Koha item type |
Books - Fiction |